Rozvoj integrované telekomunikační sitě do roku 2000

Gespeichert in:
Bibliographische Detailangaben
1. Verfasser: Růžičková, Anna
Format: Buch
Sprache:Tschechisch
Veröffentlicht: Praha Ústředí vědeckých, technických a ekonomických informací 1988
Tags: Tag hinzufügen
Keine Tags, Fügen Sie das erste Tag hinzu!

MARC

LEADER 00000nam a2200000 4500
001 c032174
005 20251204101725.2
041 0 |a cze 
044 |a CZ 
245 1 0 |a Rozvoj integrované telekomunikační sitě do roku 2000  |c Anna Růžičková 
264 1 |a Praha  |b Ústředí vědeckých, technických a ekonomických informací  |c 1988 
300 |a 59 s. 
100 1 |a Růžičková, Anna